[Event "SLO-chT2"]
[Site "Slovenia"]
[Date "2002.??.??"]
[Round "7"]
[White "Petek, Pavel"]
[Black "Praznik, Niko"]
[Result "0-1"]
[WhiteElo "2116"]
[BlackElo "2273"]
[PlyCount "130"]
[EventDate "2002.04.07"]
[EventType "team"]
[EventRounds "9"]
[EventCountry "SLO"]
[SourceTitle "EXT 2005"]
[Source "ChessBase"]
[SourceDate "2004.11.15"]
[SourceVersion "1"]
[SourceVersionDate "2004.11.15"]
[SourceQuality "1"]

1. c4 b6 2. Nf3 Bb7 3. g3 Bxf3 4. exf3 c5 5. d4 cxd4 6. Qxd4 Nc6 7. Qh4 g6 8. Bd2 Bg7 9. Bc3 Bxc3+ 10. Nxc3 Nf6 11. Bg2 Rc8 12. 0-0 0-0 13. b3 Qc7 14. Nd5 Nxd5 15. cxd5 Ne5 16. Qxe7 Rfe8 17. Qb4 Qc2 18. Rfd1 Rc3 19. f4 Ng4 20. Qd4 Re2 21. Rf1 Rd2 22. Qe4 Rxf2 23. Qxc2 Rfxc2 24. Rfe1 Rd2 25. Rac1 Rxc1 26. Rxc1 Rxa2 27. Bh3 Nf6 28. Rc8+ Kg7 29. Rc7 Nxd5 30. Rxd7 Nf6 31. Rb7 Ne4 32. Be6 Nd6 33. Rd7 Kf6 34. Bd5 Rd2 35. Rxd6+ Ke7 36. Rc6 Rxd5 37. Kf2 Kd7 38. Rc2 Rd3 39. Rb2 Kc6 40. Ke2 Rd7 41. Rc2+ Kb5 42. Rc4 Ka6 43. f5 b5 44. Rh4 h5 45. Re4 Rd6 46. Re7 Rf6 47. fxg6 fxg6 48. Ke3 Kb6 49. Re8 Kc5 50. Re4 a5 51. h4 Rf1 52. Re5+ Kb4 53. Rg5 Rf6 54. Kd2 Rc6 55. Kd1 a4 56. bxa4 Kxa4 57. g4 hxg4 58. Rxg4+ b4 59. Re4 Ka3 60. Re8 b3 61. Ra8+ Kb2 62. Ra5 Kb1 63. h5 gxh5 64. Rxh5 Re6 65. Rd5 b2 0-1

[Event "Plzen op-B U18"]
[Site "Plzen"]
[Date "1998.??.??"]
[Round "5"]
[White "Petek, Pavel"]
[Black "Batelkova, Lucie"]
[Result "1-0"]
[WhiteElo "1895"]
[BlackElo "1670"]
[PlyCount "51"]
[EventDate "1998.08.??"]
[EventType "swiss"]
[EventRounds "9"]
[EventCountry "CZE"]
[SourceTitle "EXT 2000"]
[Source "ChessBase"]
[SourceDate "1999.11.16"]
[SourceVersion "1"]
[SourceVersionDate "1999.11.16"]
[SourceQuality "1"]

1. c4 c5 2. Nc3 Nf6 3. Nf3 e6 4. e4 Nc6 5. d3 Be7 6. Bf4 a6 7. e5 Ng8 8. Qd2 d5 9. exd6 Bxd6 10. Bxd6 Qxd6 11. Qg5 Qf8 12. Ne4 e5 13. Nxe5 h6 14. Qg3 Nd4 15. 0-0-0 Ne7 16. Nd6+ Kd8 17. Ndxf7+ Ke8 18. Nxh8 Qxh8 19. Ng6 Qh7 20. Nxe7 Kxe7 21. Qe5+ Ne6 22. f4 Kf7 23. f5 Nd4 24. Qxc5 Nxf5 25. Be2 Kg8 26. Qd5+ 1-0

[Event "SLO-chT sf"]
[Site "Skofja Loka"]
[Date "1997.??.??"]
[Round "?"]
[White "Petek, Pavel"]
[Black "Piskur, Mitja"]
[Result "1/2-1/2"]
[WhiteElo "2175"]
[BlackElo "2260"]
[PlyCount "131"]
[EventDate "1997.07.??"]
[EventType "team"]
[EventRounds "7"]
[EventCountry "SLO"]
[SourceTitle "CBM 061 Extra"]
[Source "ChessBase"]
[SourceDate "1998.03.09"]
[SourceVersion "1"]
[SourceVersionDate "1998.03.09"]
[SourceQuality "1"]

1. c4 f5 2. Nc3 Nf6 3. g3 e6 4. Bg2 d5 5. cxd5 exd5 6. d4 c6 7. Nf3 Bd6 8. Ne5 Qe7 9. f4 0-0 10. 0-0 Kh8 11. e3 Bd7 12. a3 Be8 13. b4 Ne4 14. Qb3 Nxc3 15. Qxc3 Nd7 16. b5 c5 17. a4 Nf6 18. Ba3 c4 19. Bxd6 Qxd6 20. Rfc1 Bd7 21. Qa3 Qxa3 22. Rxa3 Be6 23. Rb1 g6 24. a5 Kg7 25. Kf1 Rab8 26. Ke2 Rbd8 27. Kd2 Rfe8 28. Raa1 Rd6 29. Bf3 h6 30. h3 Nd7 31. Rg1 Rd8 32. g4 Nxe5 33. fxe5 R6d7 34. Rg2 Rf8 35. Rag1 f4 36. Rf2 g5 37. Rgf1 b6 38. axb6 axb6 39. Ra1 Rc7 40. e4 c3+ 41. Kc2 dxe4 42. Bxe4 Rd8 43. Ra4 Bc4 44. Bc6 Rxd4 45. Kxc3 Bxb5 46. Rxd4 Rxc6+ 47. Kb4 Rc5 48. e6 Re5 49. Rd6 Be2 50. Rxb6 h5 51. gxh5 Kh6 52. Kc3 Re4 53. e7+ Kxh5 54. Rb7 f3 55. Rd7 Rc4+ 56. Kd2 Re4 57. Kc3 Kg6 58. Rh2 Kh6 59. Kd2 Kh5 60. Kc3 Kg6 61. Kd2 Kh5 62. Kc3 Bf1 63. Rd5 Rxe7 64. h4 Bg2 65. Rxg5+ Kh6 66. Rgxg2 1/2-1/2

[Event "SLO-ch"]
[Site "Grize"]
[Date "1996.??.??"]
[Round "?"]
[White "Furlan, Miha"]
[Black "Petek, Pavel"]
[Result "1-0"]
[WhiteElo "2320"]
[BlackElo "2175"]
[PlyCount "105"]
[EventDate "1996.??.??"]
[EventType "swiss"]
[EventRounds "9"]
[EventCountry "SLO"]
[SourceTitle "EXT 1997"]
[Source "ChessBase"]
[SourceDate "1996.11.15"]
[SourceVersion "1"]
[SourceVersionDate "1996.11.15"]
[SourceQuality "1"]

1. e4 e5 2. Nf3 Nc6 3. Bb5 a6 4. Ba4 Nf6 5. 0-0 b5 6. Bb3 Bb7 7. c3 Nxe4 8. d4 Na5 9. Nxe5 Nxb3 10. Qxb3 Qf6 11. f3 Nc5 12. Ng4 Nxb3 13. Nxf6+ Ke7 14. Bg5 gxf6 15. Re1+ Kd6 16. Bf4+ Kc6 17. axb3 Bd6 18. Bxd6 Kxd6 19. b4 Rhe8 20. Rxe8 Rxe8 21. Kf2 f5 22. Nd2 Kd5 23. g3 d6 24. Rd1 Kc6 25. Nf1 Kb6 26. Ne3 Bc8 27. Nd5+ Kb7 28. h4 Rh8 29. Re1 Kc6 30. Nf4 Kd7 31. Nh5 Kd8 32. Re2 h6 33. Re1 Be6 34. Ke3 c6 35. Nf4 Rg8 36. Kf2 Kd7 37. Ra1 Ra8 38. Ke3 Kc7 39. Ng2 Kb6 40. Kf4 Rg8 41. Ne3 Rg6 42. Rg1 Rf6 43. Rd1 Bc8 44. h5 Bd7 45. b3 Bc8 46. c4 Bd7 47. Ra1 Bc8 48. Rc1 Bd7 49. Rc3 Bc8 50. c5+ dxc5 51. bxc5+ Kb7 52. b4 Be6 53. Ke5 1-0

[Event "Wch U20"]
[Site "Medellin"]
[Date "1996.??.??"]
[Round "13"]
[White "Petek, Pavel"]
[Black "Del Rio de Angelis, Salvador Gabriel"]
[Result "1-0"]
[WhiteElo "2175"]
[BlackElo "2325"]
[PlyCount "53"]
[EventDate "1996.11.??"]
[EventType "swiss"]
[EventRounds "13"]
[EventCountry "COL"]
[SourceTitle "Juniors"]
[Source "ChessBase"]
[SourceDate "1999.07.01"]
[SourceVersion "1"]
[SourceVersionDate "1999.07.01"]
[SourceQuality "1"]

1. c4 e5 2. Nc3 Nf6 3. Nf3 Nc6 4. e3 Bb4 5. Qc2 0-0 6. Nd5 Re8 7. Qf5 d6 8. Nxf6+ Qxf6 9. Qxf6 gxf6 10. a3 Bc5 11. b4 Bb6 12. Bb2 Ne7 13. 0-0-0 a5 14. d4 axb4 15. axb4 Ra4 16. c5 Rxb4 17. cxb6 cxb6 18. Ba3 Rb3 19. Rd3 Rb5 20. Rc3 Ra5 21. Bxd6 Nd5 22. Ra3 Bf5 23. Rxa5 bxa5 24. Kd2 Re6 25. dxe5 fxe5 26. Bxe5 Nb4 27. Bc4 1-0

[Event "Wch U20"]
[Site "Medellin"]
[Date "1996.??.??"]
[Round "4"]
[White "Petek, Pavel"]
[Black "Goloshchapov, Alexander"]
[Result "0-1"]
[WhiteElo "2175"]
[BlackElo "2455"]
[PlyCount "70"]
[EventDate "1996.11.??"]
[EventType "swiss"]
[EventRounds "13"]
[EventCountry "COL"]
[SourceTitle "Juniors"]
[Source "ChessBase"]
[SourceDate "1999.07.01"]
[SourceVersion "1"]
[SourceVersionDate "1999.07.01"]
[SourceQuality "1"]

1. c4 Nf6 2. Nc3 g6 3. g3 Bg7 4. Bg2 0-0 5. Nf3 c6 6. e4 d5 7. cxd5 cxd5 8. e5 Ne4 9. d4 Nc6 10. 0-0 Be6 11. Ne2 f6 12. Nf4 Qd7 13. Qb3 Rfd8 14. Re1 Bf7 15. Nd3 g5 16. Nc5 Nxc5 17. dxc5 g4 18. e6 Bxe6 19. Nd2 Bf7 20. Nf1 e5 21. Rd1 Nd4 22. Rxd4 exd4 23. Bf4 Rac8 24. Qb4 Qc6 25. Rc1 b6 26. cxb6 Qxb6 27. Qd2 Rxc1 28. Qxc1 Re8 29. h3 gxh3 30. Bxh3 Bf8 31. Nh2 h5 32. Bf5 Qc5 33. Qd2 Qc4 34. b3 Qc3 35. Nf3 Qxf3 0-1

[Event "SLO-ch U20"]
[Site "Kranj"]
[Date "1996.??.??"]
[Round "4"]
[White "Petek, Pavel"]
[Black "Guid, Matej"]
[Result "1/2-1/2"]
[WhiteElo "2145"]
[BlackElo "2140"]
[PlyCount "102"]
[EventDate "1996.??.??"]
[EventType "swiss"]
[EventRounds "7"]
[EventCountry "SLO"]
[SourceTitle "EXT 1998"]
[Source "ChessBase"]
[SourceDate "1997.11.17"]
[SourceVersion "1"]
[SourceVersionDate "1997.11.17"]
[SourceQuality "1"]

1. c4 g6 2. g3 Bg7 3. Bg2 d6 4. Nc3 e5 5. e3 Nc6 6. Nge2 f5 7. d4 Nf6 8. dxe5 Nxe5 9. b3 0-0 10. 0-0 Rb8 11. Bb2 Bd7 12. Qc2 g5 13. Rad1 Nh5 14. f4 Ng4 15. Nd5 gxf4 16. exf4 c6 17. Bxg7 Nxg7 18. h3 Nh6 19. Ndc3 Qb6+ 20. Kh2 Nf7 21. Nd4 Rbe8 22. Qf2 Re7 23. Nf3 Qb4 24. Rd3 Ne6 25. Re1 Rfe8 26. Rde3 Qb6 27. Qd2 Qd8 28. Nd4 Ng7 29. Qd3 a6 30. b4 Rxe3 31. Rxe3 Rxe3 32. Qxe3 Qe8 33. Qxe8+ Nxe8 34. a4 Nc7 35. b5 axb5 36. axb5 Nd8 37. Bf3 Kf7 38. g4 fxg4 39. hxg4 Nde6 40. Nf5 d5 41. cxd5 Nxd5 42. Nxd5 cxd5 43. Bxd5 Kf6 44. Bxb7 Bxb5 45. Kg3 Be2 46. Nd6 h5 47. Ne4+ Kg7 48. g5 h4+ 49. Kf2 Nxf4 50. Ke3 Ne6 51. Kxe2 Kg6 1/2-1/2

[Event "Litomysl op"]
[Site "Litomysl"]
[Date "1996.??.??"]
[Round "5"]
[White "Petek, Pavel"]
[Black "Okhotnik, Vladimir"]
[Result "0-1"]
[WhiteElo "2175"]
[BlackElo "2415"]
[PlyCount "130"]
[EventDate "1996.??.??"]
[EventType "swiss"]
[EventRounds "7"]
[EventCountry "CZE"]
[SourceTitle "EXT 1998"]
[Source "ChessBase"]
[SourceDate "1997.11.17"]
[SourceVersion "1"]
[SourceVersionDate "1997.11.17"]
[SourceQuality "1"]

1. c4 g6 2. Nc3 Bg7 3. g3 f5 4. Bg2 e5 5. e3 d6 6. d4 c6 7. dxe5 dxe5 8. Qxd8+ Kxd8 9. e4 Be6 10. b3 Nd7 11. Ba3 Kc7 12. 0-0-0 Bf8 13. Bb2 Ngf6 14. Nf3 Ng4 15. Rhf1 Bg7 16. h3 Ngf6 17. Rfe1 Nxe4 18. Nxe4 fxe4 19. Nxe5 Rhf8 20. f4 exf3 21. Nxf3 Bh6+ 22. Kb1 Rae8 23. g4 Bf4 24. Ba3 c5 25. Bc1 Bg3 26. Re3 Bf4 27. Red3 Bxc1 28. Kxc1 h6 29. Re3 Bf7 30. Rde1 Rxe3 31. Rxe3 b6 32. Kd2 Kd6 33. Ke2 Be6 34. Nd2 Nf6 35. Ne4+ Nxe4 36. Bxe4 g5 37. Rd3+ Ke5 38. Bd5 Bd7 39. Re3+ Kd6 40. Rd3 Re8+ 41. Kf2 Rf8+ 42. Ke2 Kc7 43. a3 a6 44. b4 cxb4 45. axb4 a5 46. bxa5 bxa5 47. Rb3 Rb8 48. Rxb8 Kxb8 49. Kd3 Kc7 50. Kd4 Bc6 51. Bf7 Bg2 52. Ke5 a4 53. Kf5 a3 54. c5 Kc6 55. Ba2 Kxc5 56. Kg6 Bd5 57. Bb1 Kb4 58. Kxh6 Kc3 59. Kxg5 Kb2 60. Bf5 a2 61. h4 a1Q 62. h5 Kc1 63. h6 Bf7 64. h7 Qe5 65. Kh4 Kd2 0-1

[Event "HUN-SLO U20 m"]
[Site "Hungary"]
[Date "1996.??.??"]
[Round "?"]
[White "Petek, Pavel"]
[Black "Ruck, Robert"]
[Result "0-1"]
[WhiteElo "2145"]
[BlackElo "2455"]
[PlyCount "70"]
[EventDate "1996.??.??"]
[EventType "team"]
[EventRounds "2"]
[EventCountry "HUN"]
[SourceTitle "EXT 2006"]
[Source "ChessBase"]
[SourceDate "2005.11.24"]
[SourceVersion "1"]
[SourceVersionDate "2005.11.24"]
[SourceQuality "1"]
[WhiteTeam "Slovenia"]
[BlackTeam "Hungary"]
[WhiteTeamCountry "SLO"]
[BlackTeamCountry "HUN"]

1. c4 e5 2. Nc3 Nf6 3. Nf3 Nc6 4. e4 Bb4 5. d3 d6 6. g3 0-0 7. Bg2 Bg4 8. h3 Bxf3 9. Qxf3 Nd4 10. Qd1 a6 11. 0-0 Bc5 12. Be3 Nd7 13. Rb1 Ne6 14. Qd2 a5 15. Ne2 Bxe3 16. Qxe3 c5 17. f4 Nd4 18. Nc3 a4 19. h4 exf4 20. Rxf4 Ne5 21. Bh3 Qa5 22. a3 b5 23. cxb5 Nxb5 24. Nd5 Rab8 25. Rd1 Nd4 26. Rf2 Rb3 27. Ne7+ Kh8 28. h5 Qd8 29. Nf5 Nxf5 30. exf5 f6 31. Qe4 Qe8 32. h6 Qh5 33. hxg7+ Kxg7 34. Rdd2 Qxh3 35. Qxa4 Rxd3 0-1

[Event "SLO-ch"]
[Site "Grize"]
[Date "1996.??.??"]
[Round "?"]
[White "Petek, Pavel"]
[Black "Soln, Primoz"]
[Result "0-1"]
[WhiteElo "2175"]
[BlackElo "2330"]
[PlyCount "60"]
[EventDate "1996.??.??"]
[EventType "swiss"]
[EventRounds "9"]
[EventCountry "SLO"]
[SourceTitle "EXT 1997"]
[Source "ChessBase"]
[SourceDate "1996.11.15"]
[SourceVersion "1"]
[SourceVersionDate "1996.11.15"]
[SourceQuality "1"]

1. c4 c6 2. Nf3 Nf6 3. b3 d5 4. Bb2 Bg4 5. g3 e6 6. Bg2 Nbd7 7. 0-0 Bd6 8. Nc3 0-0 9. d3 Re8 10. a3 a5 11. Qd2 Nc5 12. Qc2 Bxf3 13. Bxf3 Qb6 14. Rab1 Qxb3 15. Qd2 d4 16. Ne4 Nfxe4 17. Bxe4 Nxe4 18. dxe4 Qxc4 19. Rfc1 Qa4 20. Bxd4 Bxa3 21. Rd1 Red8 22. Qa2 c5 23. Rd3 Rxd4 24. Rxa3 Rd1+ 25. Rxd1 Qxd1+ 26. Kg2 Qd8 27. Rd3 Qe8 28. e5 b5 29. Rd6 a4 30. Qc2 a3 0-1